Study on anaerobic treatment of effluent obtained from SCR processing and water hyacinth (Record no. 69828)
[ view plain ]
| 000 -LEADER | |
|---|---|
| fixed length control field | 01335nam a2200181Ia 4500 |
| 100 ## - MAIN ENTRY--AUTHOR NAME | |
| Personal name | Huang He |
| 245 #0 - TITLE STATEMENT | |
| Title | Study on anaerobic treatment of effluent obtained from SCR processing and water hyacinth |
| 260 ## - PUBLICATION, DISTRIBUTION, ETC. (IMPRINT) | |
| Name of publisher | Journal of Rubber Research |
| Year of publication | 2000 |
| 300 ## - PHYSICAL DESCRIPTION | |
| Number of Pages | 157-163 |
| 520 ## - SUMMARY, ETC. | |
| Summary, etc | The preparation of biogas using anaerobic fermentation of effluent obtained from Standard Chinese Rubber processing and water hyacinth planted in an oxidation pond was studied. The results showed that water hyacinth was a satisfactory raw material for the production of biogas using fermentation method. In batch fermentation, a gram of dried water hycinth produced 0.344 L biogas, of which the methane content was 62.6;. At ambient temperature (27 oC ~ 34 oC), by mixing the pre-fermented water hyacinth with effluent in a ratio of 1:3 (calculated in COD), a gram of COD of the mixture produced 0.556 L biogas (of which the methane content was 62.8;) through continuous fermentation. The volume output of biogas was 1.78 L/(L. d). This study provides an effective method for treating water hyacinth planted in oxidation pond. |
| 650 ## - SUBJECT ADDED ENTRY--TOPICAL TERM | |
| Topical Term | Anaerobic treatment |
| 650 ## - SUBJECT ADDED ENTRY--TOPICAL TERM | |
| Topical Term | Effluent treatment |
| 650 ## - SUBJECT ADDED ENTRY--TOPICAL TERM | |
| Topical Term | SCR processing |
| 650 ## - SUBJECT ADDED ENTRY--TOPICAL TERM | |
| Topical Term | Water hyacinth |
| 700 ## - ADDED ENTRY--PERSONAL NAME | |
| Personal name | Fang Ri-Ming |
| 942 ## - ADDED ENTRY ELEMENTS (KOHA) | |
| Koha item type | Journals |
| Withdrawn status | Lost status | Damaged status | Not for loan | Home library | Current library | Shelving location | Date acquired | Serial Enumeration / chronology | Koha item type |
|---|---|---|---|---|---|---|---|---|---|
| Journals | RRII Library | RRII Library | Rubber chemistry | 17/12/2021 | Volume 3, Issue 3 | Journals |